Rozbor základných ekonomických ukazovateľov na Štátnom majetku Šaštín - Stráže, š.p. so sídlom Šaštín - Stráže záverečná práca postgraduálneho štúdia
Enregistré dans:
| Auteur principal: | |
|---|---|
| Collectivité auteur: | |
| Autres auteurs: | |
| Format: | Livre |
| Langue: | slovaque |
| Publié: |
Bratislava
1989
|
| Sujets: | |
| Tags: |
Pas de tags, Soyez le premier à ajouter un tag!
|
MARC
| LEADER | 00000nam a2200000 4500 | ||
|---|---|---|---|
| 001 | c027896 | ||
| 005 | 20221215071427.7 | ||
| 041 | 0 | |a slo | |
| 044 | |a SK | ||
| 245 | 1 | 0 | |a Rozbor základných ekonomických ukazovateľov na Štátnom majetku Šaštín - Stráže, š.p. so sídlom Šaštín - Stráže |b záverečná práca postgraduálneho štúdia |c Viera Sikulová ; ved. práce Ján Krátky |
| 264 | 1 | |a Bratislava |c 1989 | |
| 300 | |a 48 s. | ||
| 610 | 2 | 0 | |a podnik poľnohospodársky |
| 610 | 2 | 0 | |a rozbory činnosti hospodárskej |
| 610 | 2 | 0 | |a ukazovatele ekonomické |
| 100 | 1 | |a Sikulová, Viera | |
| 700 | 1 | |a Krátky, Ján | |
| 710 | 2 | |a Vysoká škola ekonomická v Bratislave | |